000 00460nam a2200181Ia 4500
001 19171
005 20260306171724.0
008 260306s9999||||xx |||||||||||||| ||und||
041 _aESP
082 _a658.8
_bS16P
100 _aSainz de Vicuña Ancín, José María
_eAUT
245 0 _aEl plan de marketing digital en la práctica
260 _c2017
300 _a269 páginas :
_c24 cm.
650 _aGEN
654 _aCAN
942 _cLIB
_dJUS
_fJUS
_2ddc
_n
999 _c19171
_d19171